EVALUACIÓN DEL PRENDIMIENTO DE ESTACAS DE MADRE CACAO (Glirididia seplum Jacq) EN LA COMUNIDAD LAS CONCHAS, MUNICIPIO DE COBAN, ALTA VERAPAZ./. (Registro nro. 2147)

Detalles MARC
000 -LEADER
campo de control de longitud fija 01193nam a22002777a 4500
001 - NÚMERO DE CONTROL
campo de control TZ 0007
003 - IDENTIFICADOR DE NÚMERO DE CONTROL
campo de control gtcocun
005 - FECHA Y HORA DE LA ÚLTIMA TRANSACCIÓN
campo de control 20250925173527.0
006 - CÓDIGOS DE INFORMACIÓN DE LONGITUD FIJA--CARACTERÍSTICAS DEL MATERIAL ADICIONAL
campo de control de longitud fija a||||gr|||| 00| 0
007 - CAMPO FIJO DE DESCRIPCIÓN FÍSICA--INFORMACIÓN GENERAL
campo de control de longitud fija ta
008 - DATOS DE LONGITUD FIJA--INFORMACIÓN GENERAL
campo de control de longitud fija 250925b1996 gt ||||| m||| 00| 0 eng d
040 ## - FUENTE DE CATALOGACIÓN
Centro catalogador/agencia de origen gtcocun
Lengua de catalogación SPA
Centro/agencia transcriptor gtcocun
Normas de descripción RDA
041 ## - CÓDIGO DE IDIOMA
Código de lengua del texto/banda sonora o título independiente SPA TZ 0007
084 ## - OTRO NÚMERO DE CLASIFICACIÓN
Número de control del registro de autoridad o número normalizado TZ 0007
100 ## - ENTRADA PRINCIPAL--NOMBRE DE PERSONA
Nombre de persona Macz, Leopoldo
Fechas asociadas al nombre
Término indicativo de función/relación Autor
245 ## - MENCIÓN DEL TÍTULO
Título EVALUACIÓN DEL PRENDIMIENTO DE ESTACAS DE MADRE CACAO (Glirididia seplum Jacq) EN LA COMUNIDAD LAS CONCHAS, MUNICIPIO DE COBAN, ALTA VERAPAZ./.
Mención de responsabilidad, etc. Leopoldo Macz.
Medio Impreso
264 ## - PRODUCCIÓN, PUBLICACIÓN, DISTRIBUCIÓN, FABRICACIÓN Y COPYRIGHT
Producción, publicación, distribución, fabricación y copyright Cobán, Alta Verapaz:
Nombre del de productor, editor, distribuidor, fabricante Universidad de San Carlos de Guatemala, Centro Universitario del Norte, Zootecnia
Fecha de producción, publicación, distribución, fabricación o copyright 1996
300 ## - DESCRIPCIÓN FÍSICA
Extensión 27 p.:
Otras características físicas Ilustraciones, gráficas.
Dimensiones 28 cm;
502 ## - NOTA DE TESIS
identificador de la tesis TZ 0007
502 ## - NOTA DE TESIS
Nota de tesis Tesis de grado
Tipo de título Zootecnia,
Nombre de la institución que otorga el título Universidad de San Carlos de Guatemala, Centro Universitario del Norte, Zootecnia
Año de obtención del título 1996
Identificador de la tesis TZ 0007
650 14 - PUNTO DE ACCESO ADICIONAL DE MATERIA--TÉRMINO DE MATERIA
Fuente del encabezamiento o término LEMB
Término de materia o nombre geográfico como elemento de entrada Cobán, Alta Verapaz
Subdivisión general Zootecnia
-- Diámetro basal
-- Trifactorial
-- Tratamiento
-- Rebrotes
700 ## - ENTRADA AGREGADA--NOMBRE PERSONAL
Término indicativo de función/relación Asesor
856 ## - LOCALIZACIÓN Y ACCESO ELECTRÓNICOS
Identificador Uniforme de Recurso <a href="Sin archivo en línea.">Sin archivo en línea.</a>
Nota pública Sin archivo en línea.
942 ## - ELEMENTOS DE ENTRADA SECUNDARIOS (KOHA)
Fuente de la clasificación o esquema de estantería Clasificación Decimal Dewey
Tipo de ítem Koha TESIS
Parte de la signatura que identifica el ejemplar (Parte del ítem) TZ 0007
Prefijo de la signatura Clasificación
Suprimir en OPAC No
-- TZ_0007_000000000000000
Existencias
Estatus retirado Estado de pérdida Fuente de la clasificación o esquema de estantería Estado de daño No para préstamo Colección Biblioteca de origen Biblioteca actual Ubicación en estantería Fecha de adquisición Número de inventario Total de préstamos Signatura topográfica completa Código de barras Visto por última vez Precio de reemplazo Tipo de ítem Koha
    Clasificación Decimal Dewey     tesis BIBLIOTECA- CUNOR -JOSÉ LUIS GONZALES ROSALES BIBLIOTECA- CUNOR -JOSÉ LUIS GONZALES ROSALES Colección tesis 16/09/2025 TZ 0007   TZ 0007 TZ 0007 16/09/2025 16/09/2025 TESIS